|
|
|
|
| LEADER |
02140nam a2200529 a 4500 |
| 001 |
nkc20112168627 |
| 003 |
CZ PrNK |
| 005 |
20220309101436.0 |
| 007 |
ta |
| 008 |
110406s2010 xr a f 001 0 cze |
| 015 |
|
|
|a cnb002168627
|
| 020 |
|
|
|a 978-80-210-5346-5
|q (brož.)
|
| 035 |
|
|
|a (OCoLC)724297735
|
| 040 |
|
|
|a ABA001
|b cze
|
| 041 |
0 |
|
|a cze
|b eng
|
| 043 |
|
|
|a e------
|
| 045 |
|
|
|a x-x-
|
| 072 |
|
7 |
|a 321
|x Politologie
|2 Konspekt
|9 15
|
| 080 |
|
|
|a 321.7+342.34
|2 MRF
|
| 080 |
|
|
|a 321.01
|2 MRF
|
| 080 |
|
|
|a (4)
|2 MRF
|
| 080 |
|
|
|a (048.8)
|2 MRF
|
| 100 |
1 |
|
|a Goňcová, Marta,
|d 1950-
|7 jn20000400796
|4 aut
|
| 245 |
1 |
0 |
|a Krize demokracie ve 20. století a Evropa /
|c Marta Goňcová
|
| 250 |
|
|
|a 1. vyd.
|
| 260 |
|
|
|a Brno :
|b Masarykova univerzita,
|c 2010
|
| 300 |
|
|
|a 181 s. :
|b barev. il. ;
|c 21 cm
|
| 500 |
|
|
|a V prelimináriích: Centrum pro evropská studia při katedře občanské výchovy, Pedagogická fakulta Masarykovy univerzity
|
| 500 |
|
|
|a 200 výt.
|
| 504 |
|
|
|a Obsahuje bibliografii, bibliografické odkazy a rejstřík
|
| 546 |
|
|
|a Anglické resumé
|
| 648 |
|
7 |
|a 20. století
|7 ch460558
|2 czenas
|
| 650 |
0 |
7 |
|a demokracie
|7 ph117182
|z Evropa
|y 20. století
|2 czenas
|
| 650 |
0 |
7 |
|a politické teorie
|7 ph115791
|z Evropa
|y 20. století
|2 czenas
|
| 650 |
0 |
9 |
|a democracy
|z Europe
|y 20th century
|2 eczenas
|
| 650 |
0 |
9 |
|a political theories
|z Europe
|y 20th century
|2 eczenas
|
| 655 |
|
7 |
|a monografie
|7 fd132842
|2 czenas
|
| 655 |
|
9 |
|a monographs
|2 eczenas
|
| 710 |
2 |
|
|a Masarykova univerzita.
|b Centrum pro evropská studia
|7 kn20020513007
|
| 856 |
4 |
1 |
|u https://www.digitalniknihovna.cz/mzk/uuid/uuid:88ebd880-73b6-11e8-9690-005056827e51
|y Digitalizovaný dokument
|x NDK
|
| 910 |
2 |
|
|a BOA001
|b 2-1263.472
|
| 990 |
|
|
|a BK
|
| 995 |
|
|
|a 01
|
| 991 |
|
|
|b 201104
|c NOV
|j 321 GOŇ
|e n
|
| 996 |
6 |
|
|b 2610474656
|c 2-1263.472
|l MZK
|r Sklad / do 1 hodiny
|n 16
|p p.v.
|w 001174693
|u 000010
|a 1
|e BOA001
|j MZK50
|s P
|
| 996 |
7 |
|
|b 2610474657
|c 2-1263.472
|l MZK
|r Sklad / do 1 hodiny
|n 33
|p p.v.
|w 001174693
|u 000020
|a 1
|e BOA001
|j MZK50
|s A
|
| 996 |
7 |
|
|b 2610897468
|c 2-1263.472
|l MZK
|r Sklad / do 1 hodiny
|n 1
|p kup
|w 001174693
|u 000030
|a 1
|e BOA001
|j MZK50
|s A
|